000 00477nam a2200157 a 4500
001 000027890
005 20200930031158.0
008 110405s1970 dr 000 0 spa d
040 _aDO-SdBNP
_bspa
_cBNPHU
100 _aFranco, Pericle A.
_954960
245 1 0 _aHostos y su ideal de una confederación antillana /
_cPericle A. Franco.
260 _aSanto Domingo :
_bEditora del Caribe,
_c1970.
300 _a31 P. ;
_c23 cm.
504 _aBibliografía : p. 30
049 _aBNPD
999 _c27382
_d27382